01085nam a2200289Ia 4500001001200000003000800012006001900020007001500039008004100054020001800095040002100113035002100134050002400155100001900179245008300198260006500281300001100346504004100357533015200398650002700550650001200577655002900589700001900618710001700637856012600654999001500780ebr10273876CaPaEBRm u cr cn|||||||||090402s2009 enk sb 000 0 eng d z9780335223770 aCaPaEBRcCaPaEBR a(OCoLC)64679376414aHV7935b.P47 2009eb1 aPepper, Ian K.10aKeywords in policingh[electronic resource] /cIan K. Pepper and Helen Pepper. aMaidenhead, Berkshire, Eng. :bOpen University Press,c2009. a131 p. aIncludes bibliographical references. aElectronic reproduction.bPalo Alto, Calif. :cebrary,d2009.nAvailable via World Wide Web.nAccess may be limited to ebrary affiliated libraries. 0aPolice administration. 0aPolice. 7aElectronic books.2local1 aPepper, Helen.2 aebrary, Inc.40uhttp://site.ebrary.com/lib/rucke/Doc?id=10273876zAn electronic book accessible through the World Wide Web; click to view c6434d6434